00429nam a2200133Ia 4500003000400000005001700004008004100021040001800062041000800080100004200088110002300130245012200153260002000275OSt20230602102039.0211028s2012 xx 000 0 und d cAIMIT LIBRARY aeng aManisha; D'Souza, Manibushan.e101916 aManibushan D'Souza aDesign and implementation of personal diary portlet and ratings 'remark and erase remark for wall' hooks for liferay. aMangalorec2012